American Organized Crime Quiz - Statistics

General Stats
  • This quiz has been taken 3 times
  • The average score is 2 of 15
Answer Stats
Hint Answer % Correct
Bonanno
100%
Whom did Al Capone take over the Chicago Outfit from? Johnny Torrio
33%
Luciano
33%
Nicodemo ' Little Nicky' Scarfo was the Boss of the family in which city? Philadelphia
33%
What year was the Mafia Commission formed? 1931
0%
What year did the doomed Apalachin meeting take place? 1957
0%
What American mafia member had the nickname 'Lord High Executioner"? Albert Anastasia
0%
De facto boss of the Bonanno family gunned down in Brooklyn in 1979? Carmine Galante
0%
Gagliano
0%
Leader of above gang during this period? Jimmy Coonan
0%
Co leader of Murder Inc who was executed by electric chair in 1944? Louis 'Lepke' Buchalter
0%
Original 5 NYC Five families Mangano
0%
Profaci
0%
Long time boss of Buffalo Family? (Boss from 1922-1974) Stefano Magaddino
0%
Name of Irish gang who formed alliance with Gambino Family in 1977? The Westies
0%
No matching quizzes found
Score Distribution
Percent of People with Each Score
Percentile by Number Answered
Your Score History
You have not taken this quiz